[Event "EU-ch U12 Girls 27th"]
[Site "Mamaia"]
[Date "2017.09.09"]
[Round "5"]
[White "Sumarriva Paulin, Laura"]
[Black "Zulfugarli, Mahluga"]
[Result "1-0"]
[WhiteElo "1660"]
[BlackElo "1277"]
[PlyCount "61"]
[EventDate "2017.09.05"]
[EventType "swiss"]
[EventRounds "9"]
[EventCountry "ROU"]
[SourceTitle "EXT 2018"]
[Source "ChessBase"]
[SourceDate "2017.10.13"]
[SourceVersion "1"]
[SourceVersionDate "2017.10.13"]
[SourceQuality "1"]

1. d4 d5 2. c4 e6 3. Nc3 Nf6 4. cxd5 exd5 5. Bg5 Be7 6. e3 0-0 7. Bd3 b6 8. Bxf6 Bxf6 9. Qh5 g6 10. Qxd5 c6 11. Qxd8 Rxd8 12. Nf3 Bb7 13. 0-0 c5 14. Be4 Nc6 15. dxc5 bxc5 16. Rac1 Bg7 17. Na4 f5 18. Bxc6 Bxc6 19. Nxc5 Bxf3 20. gxf3 Bxb2 21. Rc2 Ba3 22. Ne6 Rdc8 23. Rxc8+ Rxc8 24. Rb1 Rc2 25. Rb8+ Kf7 26. Ng5+ Kf6 27. Nxh7+ Kg7 28. Rb7+ Kh6 29. f4 Bc5 30. Ng5 Bxe3 31. Rh7# 1-0

[Event "Wch U10 Girls"]
[Site "Batumi"]
[Date "2016.10.27"]
[Round "8.20"]
[White "Tepeli, Sugra"]
[Black "Zulfugarli, Mahluga"]
[Result "0-1"]
[WhiteElo "1298"]
[BlackElo "1394"]
[PlyCount "80"]
[EventDate "2016.10.19"]
[EventType "swiss"]
[EventRounds "11"]
[EventCountry "GEO"]
[SourceTitle "EXT 2018"]
[Source "ChessBase"]
[SourceDate "2017.10.13"]
[SourceVersion "1"]
[SourceVersionDate "2017.10.13"]
[SourceQuality "1"]

1. e4 e5 2. Nf3 Nc6 3. Bc4 Bc5 4. c3 Qe7 5. d3 Nf6 6. Bb3 d6 7. Nbd2 0-0 8. h3 h6 9. Nf1 Rd8 10. Ng3 d5 11. Qe2 dxe4 12. dxe4 a5 13. 0-0 a4 14. Bc2 b6 15. Rd1 Ba6 16. Rxd8+ Qxd8 17. Qd2 Bb5 18. Qxd8+ Rxd8 19. Bd2 Ne7 20. Re1 Ng6 21. Nf5 Bd3 22. Bxd3 Rxd3 23. Ng3 Rd8 24. c4 Nh4 25. Bc3 Nxf3+ 26. gxf3 Bd4 27. Ne2 Nh5 28. Bxd4 exd4 29. Rd1 d3 30. Nc3 Nf4 31. Kh2 Rd4 32. b3 axb3 33. axb3 Ne2 34. Nd5 d2 35. Ne3 Nc3 36. Ra1 d1Q 37. Nxd1 Nxd1 38. Ra8+ Kh7 39. Re8 Rd7 40. Kg3 Kg6 0-1

[Event "EU-ch U10 Girls 26th"]
[Site "Prague"]
[Date "2016.08.24"]
[Round "6"]
[White "Zabrzanska, Weronika"]
[Black "Zulfugarli, Mahluga"]
[Result "1-0"]
[WhiteElo "1486"]
[BlackElo "1373"]
[PlyCount "99"]
[EventDate "2016.08.18"]
[EventType "swiss"]
[EventRounds "9"]
[EventCountry "CZE"]
[SourceTitle "CBM 174 Extra"]
[Source "ChessBase"]
[SourceDate "2016.10.10"]
[SourceVersion "1"]
[SourceVersionDate "2016.10.10"]
[SourceQuality "1"]

1. e4 e5 2. Nf3 Nc6 3. Bc4 Bc5 4. 0-0 Nf6 5. d4 Bxd4 6. Nxd4 Nxd4 7. f4 d6 8. fxe5 dxe5 9. Bg5 Qe7 10. c3 Nc6 11. Na3 Qc5+ 12. Kh1 Bg4 13. Bxf7+ Kxf7 14. Qxg4 Qe7 15. Qh5+ Ke6 16. Qh3+ Kf7 17. Rf2 Qe6 18. Raf1 Raf8 19. Nb5 Qxh3 20. gxh3 Kg6 21. Bxf6 Rxf6 22. Rxf6+ gxf6 23. Nxc7 a6 24. Nd5 Rf8 25. Rg1+ Kf7 26. h4 Ne7 27. Nxe7 Kxe7 28. Rg7+ Rf7 29. Rg8 Rf8 30. Rxf8 Kxf8 31. Kg2 Kg7 32. Kg3 Kg6 33. Kg4 h5+ 34. Kf3 f5 35. exf5+ Kxf5 36. h3 e4+ 37. Ke3 Ke5 38. c4 a5 39. b3 b6 40. a3 Kf5 41. b4 axb4 42. axb4 Ke5 43. b5 Kf5 44. c5 Ke6 45. cxb6 Kd7 46. Kxe4 Kc8 47. Kf5 Kb7 48. Kg5 Kxb6 49. Kxh5 Kxb5 50. Kg6 1-0

[Event "EU-ch U10 Girls 26th"]
[Site "Prague"]
[Date "2016.08.20"]
[Round "3"]
[White "Kowalczyk, Barbara"]
[Black "Zulfugarli, Mahluga"]
[Result "0-1"]
[WhiteElo "1100"]
[BlackElo "1373"]
[PlyCount "42"]
[EventDate "2016.08.18"]
[EventType "swiss"]
[EventRounds "9"]
[EventCountry "CZE"]
[SourceTitle "CBM 174 Extra"]
[Source "ChessBase"]
[SourceDate "2016.10.10"]
[SourceVersion "1"]
[SourceVersionDate "2016.10.10"]
[SourceQuality "1"]

1. e4 e5 2. Nf3 Nc6 3. Bc4 Bc5 4. d3 Nf6 5. Nc3 0-0 6. Bg5 h6 7. Bh4 d6 8. Nd5 Be6 9. Nxf6+ gxf6 10. Bb3 Kh7 11. c3 Bb6 12. Bc2 Qe7 13. h3 Rg8 14. 0-0 Bxh3 15. Bg3 Rxg3 16. Kh2 Rxg2+ 17. Kxh3 Rag8 18. Nh4 Qe6+ 19. Nf5 Bxf2 20. Qe2 R8g3+ 21. Kh4 Rh2# 0-1